Fr. Conceicao Rodrigues College of Engineering

Quantum mechanics (Record no. 34774)

MARC details
000 -LEADER
fixed length control field 00302nam a2200145Ia 4500
082 ## - DEWEY DECIMAL CLASSIFICATION NUMBER
Classification number 530.12
Item number MER
100 ## - MAIN ENTRY--PERSONAL NAME
Personal name Merzbacher /eugene
250 ## - EDITION STATEMENT
Edition statement 2
245 ## - TITLE STATEMENT
Title Quantum mechanics
260 ## - PUBLICATION, DISTRIBUTION, ETC.
Name of publisher, distributor, etc. John wiley
Place of publication, distribution, etc. Singapore
Date of publication, distribution, etc. 1961
300 ## - PHYSICAL DESCRIPTION
Extent 621
546 ## - LANGUAGE NOTE
Language note ENGLISH
654 ## - SUBJECT ADDED ENTRY--FACETED TOPICAL TERMS
Focus term quantum
942 ## - ADDED ENTRY ELEMENTS (KOHA)
Koha item type BOOK
Holdings
Withdrawn status Lost status Damaged status Not for loan Collection Home library Current library Date acquired Total Checkouts Full call number Barcode Date last seen Price effective from Koha item type
        CRC Fr. Agnel's C.Rodrigues College of Engineering Fr. Agnel's C.Rodrigues College of Engineering 17/03/2023   530.12 MER 10209 17/03/2023 17/03/2023 BOOK
        CRC Fr. Agnel's C.Rodrigues College of Engineering Fr. Agnel's C.Rodrigues College of Engineering 17/03/2023   530.12 MER 10210 17/03/2023 17/03/2023 BOOK